HLA Types and inmune reaction /

Detalles Bibliográficos
Otros Autores: Sonoda, Shunro, Fujiyoshi, Toshinobu (coaut.), Yashiki, Shinji (coaut.), Kuwayama, Masahiro (coaut.)
Formato: Analitica de revista
Lenguaje:español
Publicado: San Pedro de Atacama Universidad Católica del Norte 1998

MARC

LEADER 00000cab a2200000 a 4500
001 031481
003 UAHC_CL
005 20170803123350.0
008 050610b xx j 000 1 spa
040 |a UAHC_CL  |c UAHC_CL  |d UAHC_CL 
245 1 0 |a HLA Types and inmune reaction /  |c Shunro Sonoda ... [et al.]. 
260 |b Universidad Católica del Norte  |a San Pedro de Atacama  |c 1998 
500 |a En: Estud. atacam., 1998, no.15, p.77-84. ISSN 0718-1043. 
700 1 |a Sonoda, Shunro 
700 1 |a Fujiyoshi, Toshinobu  |e coaut. 
700 1 |a Yashiki, Shinji  |e coaut. 
700 1 |a Kuwayama, Masahiro  |e coaut. 
759 |a PP063 
773 0 |t Estudios Atacameños.  |w 031462 
900 |a ESTUD. ATACAMEÑOS-15/98 
942 |c REVA 
952 |0 0  |1 0  |4 0  |6 ESTUD___ATACAMEÑOS15_98_000000000000000  |7 0  |8 General  |9 61558  |a BC  |b BC  |c General  |d 2017-08-03  |l 0  |o ESTUD. ATACAMEÑOS-15/98  |p FICTICIO2342  |r 2019-01-08 00:00:00  |t 1  |w 2017-08-03  |y REVA 
999 |c 31481  |d 31481